Famous Julias Quiz Stats

 Plays Quiz not verified by Sporcle

Challenge
Share
Tweet
Embed
Score 0/10 Timer 05:00
0 Plays Today
Julia Hint Name % Correct
'Pretty Woman' StarJulia Roberts
93.1%
TV French ChefJulia Child
86.9%
Elain Benes from 'Seinfeld'Julia Louis-Dreyfus
68.3%
Star of '10 Things I Hate About You'Julia Stiles
60.7%
British Star of 'Legends of the Fall' and 'Sabrina'Julia Ormond
31%
Catwoman from TV's BatmanJulia Newmeyer (Julie Newmar)
24.8%
Star of 'Addams Family and 'Street Fighter'Raúl Juliá
21.4%
'Saturday Night Live' AlumnaJulia Sweeney
17.2%
Author of 'Battle Hymn of the RepublicJulia Ward Howe
12.4%
2006 Slalom Gold MedalistJulia Mancuso
11.7%

You're not logged in!

Compare scores with friends on all Sporcle quizzes.
OR
Log In

You Might Also Like...

Show Comments

Extras

Created Jun 14, 2010SourceReportNominate
Tags:Famous Quiz, julia

Top Quizzes Today


Score Distribution

Your Account Isn't Verified!

In order to create a playlist on Sporcle, you need to verify the email address you used during registration. Go to your Sporcle Settings to finish the process.

Report this User

Report this user for behavior that violates our Community Guidelines.

Details: